000 00631nam a2200229 i 4500
001 bg
100 1 _aWERNEROWSKI, Krzysztof
245 1 0 _aKinematyka i dynamika /
_cKrzysztof Wernerowski.
260 _aBydgoszcz :
_bWydawnictwa Uczelniane Akademii Techniczno-Rolniczej,
_c1999.
300 _a207, [1] s. :
_bil. ;
_c24 cm.
504 _aBibliogr.
650 9 _aDynamika
650 9 _aKinematyka
655 _aPodręczniki akademickie
020 _a838727402X
040 _cBPK
041 0 _apl
080 _a531.1:531.3](075.8)
920 _a83-87274-02-X
942 _cKS
008 s pl f |000 0 pol
999 _c38353
_d38353
856 _uhttp://koha.tu.koszalin.pl/cgi-bin/koha/opac-detail.pl?biblionumber=38353
_yKatalog online BPK